01769cam a22003253a 450000100060000000300060000600500170001200800410002904000150007004200070008505000070009210000320009924506680013126000290079950600300082851600200085865300380087865300420091665300330095865300290099165300590102065300310107965300520111074001100116283000290127285600420130194200070134399900190135095200740136912409PGUSA20140828083248.0040501s2004||||xxu|||||s|||||000 | eng d aPGUSAbeng adc 4aDS1 aHalstead, Murat,d1829-190814aThe Story of the Philippines :bNatural Riches, Industrial Resources, Statistics of Productions, Commerce and Population; The Laws, Habits, Customs, Scenery and Conditions of the Cuba of the East Indies and the Thousand Islands of the Archipelagoes of India and Hawaii, With Episodes of Their Early History; The Eldorado of the Orient; Personal Character Sketches of and Interviews with Admiral Dewey, General Merritt, General Aguinaldo and the Archbishop of Manila; History and Romance, Tragedies and Traditions of our Pacific Possessions; Events of the War in the West with Spain, and the Conquest of Cuba and Porto Ricoh[electronic resource] /cMurat Halstead bProject Gutenberg,c2004 aPublic domain in the USA. aElectronic text aPuerto Rico -- History -- To 1898 aPhilippines -- Description and travel aCuba -- History -- 1810-1899 aDewey, George, 1837-1917 aPhilippines -- Social life and customs -- 19th century aSpanish-American War, 1898 aPhilippines -- History -- Revolution, 1896-18980 aThe Story of the Philippines and Our New Possessions, Including the Ladrones, Hawaii, Cuba and Porto Rico 0aProject Gutenbergv1240940uhttp://www.gutenberg.org/ebooks/12409 cEB c241664d241664 001040aGTBbGTBd2014-08-28l0r2014-08-28 00:00:00w2014-08-28yEB